000 00327nam a2200145Ia 4500
003 Ost
005 20260225132555.0
008 260225s9999||||xx |||||||||||||| ||und||
040 _cfsic
041 _afre
082 _a440
245 0 _aLe Multimedia :
245 0 _bmarché,droit et pratiques juridiques /
942 _cكتاب
999 _c34406
_d34406